h1

h2

h3

h4

h5
h6
000788721 001__ 788721
000788721 005__ 20250930143051.0
000788721 0247_ $$2HBZ$$aHT013420055
000788721 0247_ $$2Laufende Nummer$$a24669
000788721 037__ $$aRWTH-2020-04717
000788721 041__ $$aMultiple
000788721 1001_ $$0P:(DE-82)012812$$aEggermann, Thomas$$b0
000788721 245__ $$aUniparentale Disomien und Isochromosomen : Untersuchungen zu Entstehung, molekularen und klinischen Konsequenzen$$cvorgelegt von Dr. rer. nat. Thomas Eggermann$$hprint
000788721 260__ $$c2002
000788721 300__ $$aGetr. Zählung : Ill., graph. Darst.
000788721 3367_ $$0PUB:(DE-HGF)13$$2PUB:(DE-HGF)$$aHabil / Postdoctoral Thesis (Non-german Habil)$$bhabil$$mhabil
000788721 3367_ $$2BibTeX$$aPHDTHESIS
000788721 3367_ $$02$$2EndNote$$aThesis
000788721 3367_ $$2DataCite$$aOutput Types/Book
000788721 3367_ $$2ORCID$$aBOOK
000788721 3367_ $$2DRIVER$$adoctoralThesis
000788721 500__ $$aHabilitationsschrift zur Erlangung der Venia legendi für das Fach Humangenetik an der Hohen Medizinischen Fakultät der Rheinisch-Westfälisch Technischen Hochschule Aachen
000788721 502__ $$aHabilitationsschrift, Aachen, Techn. Hochsch., 2002, Kumulative Habilitationsschrift$$bHabilitationsschrift$$cAachen, Techn. Hochsch.$$d2002$$gFak00$$o2002-04-22
000788721 5203_ $$aonline nicht verfügbar$$lger
000788721 520__ $$leng
000788721 588__ $$aDataset connected to Lobid/HBZ
000788721 591__ $$aGermany
000788721 7001_ $$0P:(DE-82)000343$$aZerres, Klaus$$b1$$eThesis advisor
000788721 7001_ $$0P:(DE-82)018046$$aHeimann, Gerhard$$b2$$eThesis advisor
000788721 7001_ $$0P:(DE-82)045894$$aBlin, N.$$b3$$eThesis advisor
000788721 7870_ $$0RWTH-2020-04728$$iRelatedTo
000788721 7870_ $$0RWTH-2020-04726$$iRelatedTo
000788721 7870_ $$0RWTH-2020-04724$$iRelatedTo
000788721 7870_ $$0RWTH-2020-04723$$iRelatedTo
000788721 7870_ $$0RWTH-2020-04722$$iRelatedTo
000788721 7870_ $$0RWTH-2020-04721$$iRelatedTo
000788721 7870_ $$0RWTH-2020-04720$$iRelatedTo
000788721 7870_ $$0RWTH-CONV-069929$$iRelatedTo
000788721 7870_ $$0RWTH-CONV-016597$$iRelatedTo
000788721 7870_ $$0RWTH-CONV-068673$$iRelatedTo
000788721 7870_ $$0RWTH-CONV-075392$$iRelatedTo
000788721 7870_ $$0RWTH-CONV-070034$$iRelatedTo
000788721 7870_ $$0RWTH-CONV-045947$$iRelatedTo
000788721 7870_ $$0RWTH-CONV-028482$$iRelatedTo
000788721 7870_ $$0RWTH-CONV-026655$$iRelatedTo
000788721 7870_ $$0RWTH-CONV-023056$$iRelatedTo
000788721 7870_ $$0RWTH-CONV-026556$$iRelatedTo
000788721 7870_ $$0RWTH-CONV-069176$$iRelatedTo
000788721 7870_ $$0RWTH-CONV-069186$$iRelatedTo
000788721 7870_ $$0RWTH-CONV-026755$$iRelatedTo
000788721 7870_ $$0RWTH-CONV-024768$$iRelatedTo
000788721 7870_ $$0RWTH-CONV-087185$$iRelatedTo
000788721 7870_ $$0RWTH-CONV-028253$$iRelatedTo
000788721 7870_ $$0RWTH-CONV-033440$$iRelatedTo
000788721 7870_ $$0RWTH-CONV-069041$$iRelatedTo
000788721 8564_ $$uhttps://publications.rwth-aachen.de/record/788721/files/788721_kardex.gif?subformat=icon$$xicon
000788721 8564_ $$uhttps://publications.rwth-aachen.de/record/788721/files/788721_kardex.jpg?subformat=icon-180$$xicon-180
000788721 8564_ $$uhttps://publications.rwth-aachen.de/record/788721/files/788721_kardex.jpg?subformat=icon-700$$xicon-700
000788721 8564_ $$uhttps://publications.rwth-aachen.de/record/788721/files/788721_kardex.pdf$$yInternal catalog entry
000788721 909CO $$ooai:publications.rwth-aachen.de:788721$$pVDB
000788721 9101_ $$0I:(DE-588b)36225-6$$6P:(DE-82)012812$$aRWTH Aachen$$b0$$kRWTH
000788721 9101_ $$0I:(DE-588b)36225-6$$6P:(DE-82)000343$$aRWTH Aachen$$b1$$kRWTH
000788721 9101_ $$0I:(DE-588b)36225-6$$6P:(DE-82)018046$$aRWTH Aachen$$b2$$kRWTH
000788721 9141_ $$y2002
000788721 9201_ $$0I:(DE-82)hsbk000000_20140620$$khsbk000000$$lRWTH Aachen$$x0
000788721 961__ $$c2020-04-30T09:06:15.105217$$x2020-04-30T09:06:15.105217$$z2020-04-30T09:06:15.105217
000788721 980__ $$ahabil
000788721 980__ $$aVDB
000788721 980__ $$aI:(DE-82)hsbk000000_20140620
000788721 980__ $$aUNRESTRICTED